| 000 | 00672cam a2200265ua 4500 | ||
|---|---|---|---|
| 020 |
_a81-204-0210-3 _c95.00 |
||
| 041 |
_aeng _h |
||
| 082 |
_a658.1 _bBAS/WO |
||
| 100 |
_aBasu, S K . _95906 |
||
| 245 |
_aWorks organisation and management / _cS K Basu. _hTextual Documents |
||
| 250 |
_a3 / _b. |
||
| 260 |
_aNew Delhi : _bOxford & IBH Publishers Co. Pvt. Ltd , _c1997. |
||
| 300 | _a442 ; . | ||
| 365 | _a95.00 | ||
| 504 | _a | ||
| 650 |
_aOrganisation Structure _95907 |
||
| 700 | 1 |
_aDatta, N K . _95908 |
|
| 700 | 1 |
_aSahu, K V . _95909 |
|
| 942 | _cBK | ||
| 999 |
_c18 _d18 |
||
| 003 | @ | ||
| 003 | OSt | ||